000 00384nam a2200157Ia 4500
008 230917s9999||||xx |||||||||||||| ||und||
040 _e126872
_aMAIN
041 _aEnglish
082 _a346.036 R141LLaw
100 _aRamamurti, Mantha
245 0 _aLaw of adverse possession
250 _a4th ed.
260 _aDelhi
_bDelhi Law
_c2004
300 _acxix, 810p p.
942 _cBK
999 _c111307
_d111307